| 000 | 00378cam a2200145ua 4500 | ||
|---|---|---|---|
| 003 | OSt | ||
| 005 | 20260213112858.0 | ||
| 008 | 260213b |||||||| |||| 00| 0 eng d | ||
| 041 | _aeng | ||
| 082 |
_a028.74627 _bCOM/BE |
||
| 245 | _aBenefits and concerns about dams: An argumentaine / | ||
| 260 |
_a : _bCommitty on public relations , _c1983. |
||
| 300 | _a50 ; . | ||
| 942 | _cBK | ||
| 999 |
_c10044 _d10044 |
||